000 00664nam0a22002411 4500
001 rc\1156517
005 20250622202322.0
035 _a(NLR Aleph) 006401450
090 _a5250378
_c5250378
100 _a20041129d1980 |||y0rusy50 ca
101 0 _arus
102 _aRU
105 _aa |||||||||
200 1 _aЮность Советской Латвии
205 _a2-е изд., доп.
210 _aРига
_cАвотс
_d1980
215 _a96 с., 16 л. цв. ил.
_d16
700 1 _aПлауде
_bА.К.
_gАртур Карлович
801 0 _aRU
_bNLR
_gpsbo
801 1 _aRU
_bELAR
_2rusmarc
852 _aNLR
_j80-2/2705
942 _cBOOK
980 _aNB